| 000 | 00964nam a2200313Ia 4500 | ||
|---|---|---|---|
| 001 | Z_2215 | ||
| 003 | CHAP | ||
| 008 | 220113s1995 xx 000 0 und d | ||
| 010 | _a165271 | ||
| 040 | _cCHAP | ||
| 090 | _aTesis A 949 | ||
| 100 |
_aAcosta Vite, Santiago _9710 |
||
| 245 |
_aEvaluación de una dieta granulada con 89% de veza común (Vicia sativa L.) para conejos destetados / _c Santiago Acosta Vite y Noé Bautista Ortega |
||
| 260 |
_aChapingo, Méx. : _bEl autor, _c1995 |
||
| 300 | _a33 h. | ||
| 502 | _aTesis (Ing. Agr. Esp. en Zootecnia) -- UACH. Departamento de Zootecnia | ||
| 650 |
_aArveja _97792 |
||
| 650 |
_aCarne de conejo en canal _919152 |
||
| 650 |
_aConejos _xAlimentación _926353 |
||
| 650 |
_aConejos _xDestete _926359 |
||
| 650 |
_aConejos _xNutrición _926372 |
||
| 700 |
_aBautista Ortega , Noé _910939 |
||
| 901 | _aTESIS A 949 | ||
| 902 | _aM | ||
| 910 | _a1995 | ||
| 942 | _c2 | ||
| 942 | _c2 | ||
| 999 |
_c165271 _d165271 |
||